01472nam a2200277 a 4500001001000000005001700010008004100027041000800068044000700076084002000083100004500103245012100148260002600269300001900295440004500314500021000359500022400569500009200793500001000885650005200895650005600947650003401003650004501037700006201082740005001144BRCA_251420190320203839.0251108s1861----fr-#---###---#000-0dspa-u aspa afr a148b.B39c18611 aCervantes Saavedra, Miguel ded1547-161610aEl Ingenioso Hidalgo Don Quijote de la Manchabcon la vida de Cervantesccompuesto por Miguel de Cervantes Saavedra. aParísbBaudryc1861 a679 p.c23 cm. 0aObras de Miguel de Cervantes Saavedran1 aContenido : Primera parte. Vida de Cervantes por M. F. de Navarrete. Dedicatoria del autor. Prólogo del autor. Versos preliminares. Texto. Segunda parte. Dedicatoria del autor. Prólogo del autor. Texto aReimpresión de la edición del mismo editor, publicada en 1855, con la biografía del autor, escrita por Navarrete. Bien impresa, pero sin láminas. Forma parte de Obras de M. de Cervantes S., t. I Lúdovik Osterc aEstado físico : Notas manuscritas a lápiz. Encuadernación en papel muy maltratado aQM13414aNovela españolayÉpoca clásica, 1500-170014aLiteratura españolayÉpoca clásica, 1500-170014aNovela españolaySiglo XVII14aDon Quijote (Personaje ficticio)eNovela1 aFernández de Navarrete, Martínd1765-1844eBiógrafo0 aEl Ingenioso Hidalgo Don Quijote de la Mancha